00558nam a22001817a 4500003000400000005001700004008004100021020001500062040002900077050002100106100008400127245004000211250001200251260005100263300001000314650002600324650002600350OSt20250722152301.0250721b |||||||| |||| 00| 0 eng d a0471229652 cChuka University Library aHD 69b.P75 2005 aMantel Jr., J. Samuel, Jack R. Meredith, Scott M. Shafer and Margaret M. Sutton aCore concepts of project management a2nd ed. aRiver Street, HobokenbJohn Wiley & Sonsc2005 a302p. a1. Microsoft project  a2. Project management